Introduction to Fluid Mechanics, 6/e (Record no. 316633)

000 -LEADER
fixed length control field 00307 a2200133 4500
001 - CONTROL NUMBER
control field 81560
082 ## - DEWEY DECIMAL CLASSIFICATION NUMBER
Classification number 620.106 FOX
090 ## - LOCALLY ASSIGNED LC-TYPE CALL NUMBER (OCLC); LOCAL CALL NUMBER (RLIN)
-- 39785
-- 39785
100 ## - MAIN ENTRY--PERSONAL NAME
Personal name Fox,R.W
245 ## - TITLE STATEMENT
Title Introduction to Fluid Mechanics, 6/e
250 ## - EDITION STATEMENT
Edition statement 6
260 ## - PUBLICATION, DISTRIBUTION, ETC.
Place of publication, distribution, etc. USA
Name of publisher, distributor, etc. John wiley & sons
Date of publication, distribution, etc. 2004
300 ## - PHYSICAL DESCRIPTION
Extent xii, 787 p.
942 ## - ADDED ENTRY ELEMENTS (KOHA)
Institution code [OBSOLETE] NUST-CAE
Call number prefix 620.106 FOX
Holdings
Withdrawn status Lost status Damaged status Not for loan Collection code Permanent Location Current Location Date acquired Total Checkouts Full call number Barcode Date last seen Price effective from Koha item type
          College of Aeronautical Engineering (CAE) College of Aeronautical Engineering (CAE) 04/03/2017   620.106 FOX CAEN-2319 04/05/2017 04/05/2017 Book
© 2023 Central Library, National University of Sciences and Technology. All Rights Reserved.